शैक्षणिक गुणवत्ता:आव्हान आणि आवाहन. (Record no. 743055)

MARC details
000 -LEADER
fixed length control field 00808nam a2200181Ia 4500
008 - FIXED-LENGTH DATA ELEMENTS--GENERAL INFORMATION
fixed length control field 100920s9999 xx 000 0 und d
082 ## - DEWEY DECIMAL CLASSIFICATION NUMBER
Item number 102623
Classification number 55 न 08
100 ## - MAIN ENTRY--PERSONAL NAME
Personal name मुळे सुप्रिया.
245 ## - TITLE STATEMENT
Title शैक्षणिक गुणवत्ता:आव्हान आणि आवाहन.
260 ## - PUBLICATION, DISTRIBUTION, ETC. (IMPRINT)
Name of publisher, distributor, etc यशवंतराव चव्हाण प्रतिष्ठान,मुंबई.
Date of publication, distribution, etc 2008
300 ## - PHYSICAL DESCRIPTION
Extent 218
Other physical details साधी
365 ## - TRADE PRICE
Price amount 200
520 ## - SUMMARY, ETC.
Summary, etc शैक्षणिक.
630 ## - SUBJECT ADDED ENTRY--UNIFORM TITLE
Uniform title शैक्षणिक गुणवत्ता:आव्हान आणि आवाहन.
650 ## - SUBJECT ADDED ENTRY--TOPICAL TERM
Topical term or geographic name as entry element शैक्षणिक.
730 ## - ADDED ENTRY--UNIFORM TITLE
Uniform title शैक्षणिक गुणवत्ता:आव्हान आणि आवाहन.
942 ## - ADDED ENTRY ELEMENTS (KOHA)
Koha item type Book
Holdings
Withdrawn status Lost status Damaged status Not for loan Home library Current library Shelving location Date acquired Cost, normal purchase price Total Checkouts Barcode Date last seen Price effective from Koha item type Public note
        Shri Chhatrapati Pratapsinh Maharaj ( Thorle) Nagar Vachanalaya, Satara Shri Chhatrapati Pratapsinh Maharaj ( Thorle) Nagar Vachanalaya, Satara     200.00   SATVAC-102623 09/20/2010 09/20/2010 Book देवघेव